| 000 | 05824cam a22019814i 4500 | ||
|---|---|---|---|
| 003 | PE-LiUPU | ||
| 005 | 20250813165415.0 | ||
| 008 | 150617s1988 mx a rb 000 0 spa d | ||
| 020 | _a9682513030 | ||
| 020 | _a9789682513039 | ||
| 035 | _a(Sirsi) i9789682513039 | ||
| 040 |
_aPE-LiUPU _bspa _cPE-LiUPU _dPE-LiUPU _erda |
||
| 040 |
_aspa _heng |
||
| 049 | _aPRUA | ||
| 082 | 0 | 4 |
_a610.7362 _bW52 _220 |
| 100 | 1 |
_aWhaley, Lucille F., _eautor. |
|
| 245 | 1 | 0 |
_aTratado de enfermeria pediatrica / _cLucille F. Whaley, Donna L. Wong ; tr. Jorge L. Blanco y Correa Magallones, Antonio Garst Thalheimer. |
| 264 | 1 |
_aMéxico : _bInteramericana, _c1988. |
|
| 300 |
_a1061 páginas : _bilustraciones ; _c27 centímetros |
||
| 336 |
_atext _2rdacontent |
||
| 337 |
_aunmediated _2rdamedia |
||
| 338 |
_avolume _2rdacarrier |
||
| 504 | _aIncluye bibliografía. | ||
| 504 | _aÍndice: páginas 1019-1061. | ||
| 505 | 0 | _aEl niño, su familia y la enfermera -- Evaluación del niño y la familia -- El neonato -- Lactancia -- Infancia temprana -- Infancia media y adolescencvia -- El niño con problemas físicos o de desarrollo a largo plazo -- El niño hospitalizado -- El niño con problemas de la transferencia de oxígeno y nutrimientos -- El niño con problemas de la hemopoyesis y la circulación sanguínea -- El niño con disfunciones reguladoras -- El niño con problemas que interfieren en la locomoción. | |
| 526 | _aP203 | ||
| 526 | _aP200 | ||
| 526 | _aSEG65 | ||
| 526 | _aSEG64 | ||
| 526 | _aSEG63 | ||
| 526 | _aSEG62 | ||
| 526 | _aSEG61 | ||
| 526 | _aSEG60 | ||
| 526 | _aSEG59 | ||
| 526 | _aSEG58 | ||
| 526 | _aSEG57 | ||
| 526 | _aSEG56 | ||
| 526 | _aSEG55 | ||
| 526 | _aSEG54 | ||
| 526 | _aSEG53 | ||
| 526 | _aSEG52 | ||
| 526 | _aSEG51 | ||
| 526 | _aSEG50 | ||
| 526 | _aSEG49 | ||
| 526 | _aSEG48 | ||
| 526 | _aSEG47 | ||
| 526 | _aSEG46 | ||
| 526 | _aSEG24 | ||
| 526 | _aSEG23 | ||
| 526 | _aSEG22 | ||
| 526 | _aSEG21 | ||
| 526 | _aSEG20 | ||
| 526 | _aSEG19 | ||
| 526 | _aSEG18 | ||
| 526 | _aSEG17 | ||
| 526 | _aSEG16 | ||
| 526 | _aSEG14 | ||
| 526 | _aSEG13 | ||
| 526 | _aSEG12 | ||
| 526 | _aSEG11 | ||
| 526 | _aSEG10 | ||
| 526 | _aSEG09 | ||
| 526 | _aSEG06 | ||
| 526 | _aSEG05 | ||
| 526 | _aSEG04 | ||
| 526 | _aSEG03 | ||
| 526 | _aSEG02 | ||
| 526 | _aSEG68 | ||
| 526 | _aSEG66 | ||
| 526 | _aSEG45 | ||
| 526 | _aSEG25 | ||
| 526 | _aSEG01 | ||
| 526 | _aP163 | ||
| 526 | _aP162 | ||
| 526 | _aP161 | ||
| 526 | _aP160 | ||
| 526 | _aP159 | ||
| 526 | _aP158 | ||
| 526 | _aP157 | ||
| 526 | _aP156 | ||
| 526 | _aP155 | ||
| 526 | _aP154 | ||
| 526 | _aP153 | ||
| 526 | _aP152 | ||
| 526 | _aP151 | ||
| 526 | _aP150 | ||
| 526 | _aP149 | ||
| 526 | _aP142 | ||
| 526 | _aP141 | ||
| 526 | _aP140 | ||
| 526 | _aP139 | ||
| 526 | _aP138 | ||
| 526 | _aP137 | ||
| 526 | _aP132 | ||
| 526 | _aP131 | ||
| 526 | _aP130 | ||
| 526 | _aP126 | ||
| 526 | _aP125 | ||
| 526 | _aP124 | ||
| 526 | _aP123 | ||
| 526 | _aP115 | ||
| 526 | _aP122 | ||
| 526 | _aP121 | ||
| 526 | _aP116 | ||
| 526 | _a P114 | ||
| 526 | _aP112 | ||
| 526 | _aP111 | ||
| 526 | _aP104 | ||
| 526 | _aP103 | ||
| 526 | _aP102 | ||
| 526 | _aP101 | ||
| 526 | _aP100 | ||
| 526 | _aP96 | ||
| 526 | _aP95 | ||
| 526 | _aP93 | ||
| 526 | _aP92 | ||
| 526 | _aP91 | ||
| 526 | _aP88 | ||
| 526 | _aP83 | ||
| 526 | _aP82 | ||
| 526 | _aP79 | ||
| 526 | _aP78 | ||
| 526 | _aP75 | ||
| 526 | _aP74 | ||
| 526 | _aP71 | ||
| 526 | _aP69 | ||
| 526 | _a P51 | ||
| 526 | _aP49 | ||
| 526 | _aP48 | ||
| 526 | _aP47 | ||
| 526 | _aP33 | ||
| 526 | _aP31 | ||
| 526 | _a P30 | ||
| 526 | _aP29 | ||
| 526 | _aP27 | ||
| 526 | _aP26 | ||
| 526 | _aP25 | ||
| 526 | _aP24 | ||
| 526 | _a P22 | ||
| 526 | _aP10 | ||
| 526 | _aP09 | ||
| 526 | _a P08 | ||
| 526 | _aP06 | ||
| 526 | _aP05 | ||
| 526 | _aP04 | ||
| 526 | _aP01 | ||
| 534 |
_pTítulo ogiginal : _tEssentials of pediatrics nursing. |
||
| 650 | 0 | 4 | _aEnfermería pediátrica. |
| 700 | 1 |
_aBlanco y Correa Magallanes, Jorge Luis, _etraductor. |
|
| 700 | 1 |
_aGarst Thalheimer, Antonio, _etraductor. |
|
| 700 | 1 |
_aWong, Donna L., _eautor. |
|
| 910 |
_ajck _bjvq _cjck _d20150616 |
||
| 942 |
_2ddc _cBOOK |
||
| 949 |
_a610.7362 W53 _wDEWEY _c1 _i32256 _lCCODEBUL1 _mBUL _r0 _sY _tBOOK _u2015-4-21 _xSALUD _zUNKNOWN _0COMPRA _o.STAFF. Colección General |
||
| 949 |
_a610.7362 W53 _wDEWEY _c2 _i31889 _lCCODEBUL1 _mBUL _r0 _sY _tBOOK _u2015-6-17 _xSALUD _zUNKNOWN _0COMPRA _o.STAFF. Colección General |
||
| 949 |
_a610.7362 W53 _wDEWEY _c3 _i31890 _lCCODEBUL1 _mBUL _r0 _sY _tBOOK _u2015-6-17 _xSALUD _zUNKNOWN _0COMPRA _o.STAFF. Colección Ciencias de la Salud |
||
| 949 |
_a610.7362 W53 _wDEWEY _c4 _i31891 _lCCODEBUL1 _mBUL _r0 _sY _tBOOK _u2015-6-17 _xSALUD _zUNKNOWN _0COMPRA _o.STAFF. Colección General |
||
| 994 |
_aC0 _bPEPRU |
||
| 596 | _a1 | ||
| 999 |
_a610.7362 W52 _wDEWEY _c17535 _i32256 _f2019-12-11 _g5 _lDISCARD _mBUL _r1 _sY _tBOOK _u2015-4-21 _xSALUD _zUNKNOWN _0COMPRA _o.STAFF. Colección General _d17535 |
||
| 999 |
_a610.7362 W52 _wDEWEY _c2 _i31889 _f2019-12-11 _g4 _lDISCARD _mBUL _p30.00 _r1 _sY _tBOOK _u2015-6-17 _xSALUD _zUNKNOWN _0COMPRA _o.STAFF. Colección Ciencias de la Salud |
||
| 999 |
_a610.7362 W52 _wDEWEY _c3 _i31890 _d2019-3-15 _e2019-3-15 _f2021-11-3 _g6 _lCCODEBUL1 _mBUL _n1 _p30.00 _r0 _sY _tBOOK _u2015-6-17 _xSALUD _zUNKNOWN _0COMPRA _o.STAFF. Colección Ciencias de la Salud |
||
| 999 |
_a610.7362 W52 _wDEWEY _c4 _i31891 _f2019-12-11 _g5 _lDISCARD _mBUL _r1 _sY _tBOOK _u2015-6-17 _xSALUD _zUNKNOWN _0COMPRA _o.STAFF. Colección General |
||
| 980 |
_81 _gALBERTO SANCHEZ Responsable de Automatización |
||